000 00278cam a22001217a 4500
008 180718b1963 xxu||||| |||| 00| 0 eng d
082 _aT251 D35
100 _aDeb, A.
245 _aForemanship
_cby A. Deb
260 _aBombay
_bAsia
_c1963
300 _a150p.
650 _aForeman
999 _c363745
_d363745